<?xml version="1.0" encoding="UTF-8"?>
<collection xmlns="http://www.loc.gov/MARC21/slim">
 <record>
  <leader>01274nam a22002657i 4500</leader>
  <controlfield tag="001">000679988</controlfield>
  <controlfield tag="003">CZ-PrVSE</controlfield>
  <controlfield tag="005">20201001102152.0</controlfield>
  <controlfield tag="007">ta</controlfield>
  <controlfield tag="008">201001s1889    gw     fr     000 0 ger d</controlfield>
  <datafield tag="020" ind1=" " ind2=" ">
   <subfield code="q">(Vázáno)</subfield>
  </datafield>
  <datafield tag="040" ind1=" " ind2=" ">
   <subfield code="a">ABA006</subfield>
   <subfield code="b">cze</subfield>
   <subfield code="c">ABA006</subfield>
   <subfield code="d">ABA006</subfield>
   <subfield code="e">rda</subfield>
  </datafield>
  <datafield tag="100" ind1="1" ind2=" ">
   <subfield code="a">Wagner, Adolph,</subfield>
   <subfield code="d">1835-1917</subfield>
   <subfield code="7">skuk0001455</subfield>
   <subfield code="4">aut</subfield>
  </datafield>
  <datafield tag="245" ind1="1" ind2="0">
   <subfield code="a">Finanzwissenschaft.</subfield>
   <subfield code="n">Dritter Theil, Specielle Steuerlehre.</subfield>
   <subfield code="p">Geschichte, Gesetzgebung, Statistik der Besteuerung einzelner Länder.</subfield>
   <subfield code="p">Uebersicht der Steuergeschichte wichtigerer Staaten und Zeitalter bis Ende des 18. Jahrhunderts.</subfield>
   <subfield code="p">Die Besteuerung des 19. Jahrhunderts. Einleitung. Britische und französische Besteuerung /</subfield>
   <subfield code="c">von Adolph Wagner</subfield>
  </datafield>
  <datafield tag="246" ind1="3" ind2="0">
   <subfield code="a">Geschichte, Gesetzgebung, Statistik der Besteuerung einzelner Länder</subfield>
  </datafield>
  <datafield tag="246" ind1="3" ind2="0">
   <subfield code="a">Uebersicht der Steuergeschichte wichtigerer Staaten und Zeitalter bis Ende des 18. Jahrhunderts.</subfield>
  </datafield>
  <datafield tag="246" ind1="3" ind2="0">
   <subfield code="a">Die Besteuerung des 19. Jahrhunderts :</subfield>
   <subfield code="b">Einleitung. Britische und französische Besteuerung</subfield>
  </datafield>
  <datafield tag="264" ind1=" " ind2="1">
   <subfield code="a">Leipzig :</subfield>
   <subfield code="b">C.F. Winter'sche Verlagshandlung,</subfield>
   <subfield code="c">1889</subfield>
  </datafield>
  <datafield tag="300" ind1=" " ind2=" ">
   <subfield code="a">xxxi, 916 stran</subfield>
  </datafield>
  <datafield tag="336" ind1=" " ind2=" ">
   <subfield code="a">text</subfield>
   <subfield code="b">txt</subfield>
   <subfield code="2">rdacontent</subfield>
  </datafield>
  <datafield tag="337" ind1=" " ind2=" ">
   <subfield code="a">bez média</subfield>
   <subfield code="b">n</subfield>
   <subfield code="2">rdamedia</subfield>
  </datafield>
  <datafield tag="338" ind1=" " ind2=" ">
   <subfield code="a">svazek</subfield>
   <subfield code="b">nc</subfield>
   <subfield code="2">rdacarrier</subfield>
  </datafield>
  <datafield tag="993" ind1=" " ind2=" ">
   <subfield code="x">NEPOSILAT</subfield>
   <subfield code="y">BEZJEDNOTEK</subfield>
  </datafield>
 </record>
</collection>
